Welcome to CU Library Online Public Access Catalogue (OPAC)

Clinically oriented anatomy / (Record no. 2207)

MARC details
000 -LEADER
fixed length control field 00828pam a2200229 a 4500
001 - CONTROL NUMBER
control field 1672925
005 - DATE AND TIME OF LATEST TRANSACTION
control field 20241214113803.0
008 - FIXED-LENGTH DATA ELEMENTS--GENERAL INFORMATION
fixed length control field 981008s1999 paua b 001 0 eng c
020 ## - INTERNATIONAL STANDARD BOOK NUMBER
International Standard Book Number 9780683061413
050 00 - LIBRARY OF CONGRESS CALL NUMBER
Classification number QM23.2
Item number .M67 1999
082 00 - DEWEY DECIMAL CLASSIFICATION NUMBER
Classification number 611
Edition information 21
100 1# - MAIN ENTRY--PERSONAL NAME
Personal name Moore, Keith L.
245 10 - TITLE STATEMENT
Title Clinically oriented anatomy /
Statement of responsibility, etc. Keith L. Moore, Arthur F. Dalley II ; with the developmental assistance and dedication of Lisa S.Donohoe, Marion E. Moore.
250 ## - EDITION STATEMENT
Edition statement 4th ed.
260 ## - PUBLICATION, DISTRIBUTION, ETC.
Place of publication, distribution, etc. Philadelphia :
Name of publisher, distributor, etc. Lippincott Williams & Wilkins,
Date of publication, distribution, etc. c1999.
300 ## - PHYSICAL DESCRIPTION
Extent xxxi, 1167 p. :
Other physical details ill. (some col.) ;
Dimensions 28 cm.
650 #0 - SUBJECT ADDED ENTRY--TOPICAL TERM
Topical term or geographic name entry element Human anatomy.
650 12 - SUBJECT ADDED ENTRY--TOPICAL TERM
Topical term or geographic name entry element Anatomy.
700 1# - ADDED ENTRY--PERSONAL NAME
Personal name Dalley, Arthur F.
856 42 - ELECTRONIC LOCATION AND ACCESS
Materials specified Publisher description
Uniform Resource Identifier <a href="http://www.loc.gov/catdir/enhancements/fy0730/98048704-d.html">http://www.loc.gov/catdir/enhancements/fy0730/98048704-d.html</a>
942 ## - ADDED ENTRY ELEMENTS (KOHA)
Source of classification or shelving scheme Library of Congress Classification
Koha item type Books
Edition 4th ed.
Suppress in OPAC No
999 ## -
-- 2207
-- 2207
Holdings
Withdrawn status Lost status Source of classification or shelving scheme Damaged status Not for loan Collection Home library Current library Shelving location Date acquired Total checkouts Full call number Barcode Date last seen Copy number Price effective from Koha item type
    Library of Congress Classification     Non-fiction Science Library (Miotso) Science Library (Miotso) General stacks 12/14/2024   QM23.2 .M67 MOO SLM00001385 12/14/2024 1 12/14/2024 Books
    Library of Congress Classification     Non-fiction Science Library (Miotso) Science Library (Miotso) General stacks 12/14/2024   QM23.2 .M67 MOO SLM00001386 12/14/2024 2 12/14/2024 Books
    Library of Congress Classification     Non-fiction Science Library (Miotso) Science Library (Miotso) General stacks 12/14/2024   QM23.2 .M67 MOO SLM00001387 12/14/2024 3 12/14/2024 Books
    Library of Congress Classification     Non-fiction Science Library (Miotso) Science Library (Miotso) General stacks 12/14/2024   QM23.2 .M67 MOO SLM00001388 12/14/2024 4 12/14/2024 Books
© 2023-2024 Copyright: Central University Libraries. All Rights Reserved | Created by: Mahone Tech Office